“养殖场”地点数量≥400的地级行政区 Prefectures with ≥400 livestock farm sites - Statistics

General Stats
  • This quiz has been taken 29 times
  • The average score is 13 of 29
Answer Stats
地级行政区 数量 % Correct
重庆 2932
92%
石家庄 666
79%
北京 437
79%
徐州 441
75%
保定 557
71%
临沂 568
63%
天津 432
58%
合肥 417
58%
南宁 414
58%
阜阳 626
54%
沈阳 515
54%
菏泽 474
54%
潍坊 470
54%
商丘 451
54%
武汉 432
50%
宿州 413
50%
济宁 865
46%
周口 540
46%
唐山 400
42%
盐城 615
38%
湛江 520
29%
泰州 408
25%
肇庆 486
21%
茂名 451
21%
清远 508
17%
遵义 820
13%
漳州 589
8%
曲靖 531
8%
毕节 827
4%
No matching quizzes found
Score Distribution
Percent of People with Each Score
Percentile by Number Answered
Your Score History
You have not taken this quiz